Most Common Male Names beginning with A in the USA - Statistics

General Stats
  • This quiz has been taken 1,582 times
  • The average score is 26 of 75
Answer Stats
Hint Answer % Correct
32 Al
98%
15 Andre
91%
2 Andrew
86%
12 Alex
85%
11 Alexander
82%
5 Adam
76%
50 Art
76%
6 Aaron
75%
22 Andy
75%
1 Anthony
75%
3 Arthur
70%
4 Albert
69%
7 Alan
68%
42 Anton
64%
28 Abraham
62%
10 Alfred
61%
63 Abe
60%
9 Allen
59%
43 Ali
54%
17 Adrian
50%
18 Allan
48%
8 Antonio
46%
41 Ashley
45%
23 Austin
43%
16 Arnold
42%
31 Archie
41%
70 Alec
39%
38 August
37%
35 Abel
36%
64 Aron
35%
46 Avery
35%
13 Alvin
34%
21 Alberto
33%
68 Andrea
33%
25 Alejandro
32%
47 Alexis
30%
20 Alfredo
30%
57 Anderson
30%
14 Angel
30%
54 Antony
30%
34 Amos
26%
26 Angelo
24%
44 Armand
24%
36 Aubrey
23%
71 Augustus
23%
24 Arturo
21%
75 Ahmed
20%
29 Andres
20%
37 Antoine
20%
19 Armando
20%
27 Alfonso
18%
62 Aldo
16%
60 Abdul
14%
33 Alonzo
14%
48 Adolph
13%
56 Augustine
13%
52 Adan
12%
67 Alden
12%
30 Alton
12%
65 Ahmad
11%
58 Alphonse
11%
49 Alphonso
11%
55 Alva
11%
59 Ariel
10%
53 Arron
10%
40 Adolfo
8%
69 Alfonzo
7%
66 Antwan
7%
45 Alvaro
6%
39 Agustin
5%
74 Antone
5%
51 Aurelio
5%
61 Arnulfo
4%
73 Amado
3%
72 Anibal
2%
No matching quizzes found
Score Distribution
Percent of People with Each Score
Percentile by Number Answered
Your Score History
You have not taken this quiz